El jazz y sus críticas (Record no. 123641)

MARC details
000 -LEADER
campo de control de longitud fija 00777nam a2200193 4500
001 - NÚMERO DE CONTROL
campo de control 123641
003 - IDENTIFICADOR DE NÚMERO DE CONTROL
campo de control ES-MaACL
005 - FECHA Y HORA DE LA ÚLTIMA TRANSACCIÓN
campo de control 20230906192219.0
007 - CAMPO FIJO DE DESCRIPCIÓN FÍSICA--INFORMACIÓN GENERAL
campo de control de longitud fija t|
008 - DATOS DE LONGITUD FIJA--INFORMACIÓN GENERAL
campo de control de longitud fija 070214s1958 sp r ||||1| spa d
100 1# - ENTRADA PRINCIPAL--NOMBRE DE PERSONA
Nombre de persona Raich Ullán, Salvador.
9 (RLIN) 95021
245 13 - MENCIÓN DEL TÍTULO
Título El jazz y sus críticas
Resto del título : (criterio básico de crítica artística) = Criticims of jazz : (fundamental standards of art criticism) = Le jazz et ses critiques /
Mención de responsabilidad, etc. S. Raich.
260 ## - PUBLICACIÓN, DISTRIBUCIÓN, ETC.
Lugar de publicación, distribución, etc. Barcelona :
Nombre del editor, distribuidor, etc. Casa Provincial de Caridad,
Fecha de publicación, distribución, etc. 1958.
300 ## - DESCRIPCIÓN FÍSICA
Extensión 64 p., 2 h., 64 p., 2 h., 68 p., 2 h. ;
Dimensiones 19 cm.
500 ## - NOTA GENERAL
Nota general Texto en inglés, español y francés . - Otras port. en español y francés.
740 0# - ENTRADA AGREGADA--TÍTULO RELACIONADO/ANALÍTICO NO CONTROLADO
Título relacionado o analítico no controlado Criticims of jazz.
740 0# - ENTRADA AGREGADA--TÍTULO RELACIONADO/ANALÍTICO NO CONTROLADO
Título relacionado o analítico no controlado Le jazz et ses critiques.
852 ## - LOCALIZACIÓN
Ubicación ES-MaACL
Número de control de estantería C-14770
Sublocalización o colección R.42658
Holdings
Estatus retirado Estado de pérdida Estado de daño No para préstamo Biblioteca de origen Biblioteca actual Ubicación en estantería Fecha de adquisición Fuente de adquisición Total de préstamos Signatura topográfica completa Código de barras Visto por última vez Precio de reemplazo Tipo de ítem Koha
        Biblioteca del Ateneo de Madrid Biblioteca del Ateneo de Madrid Ficheros 17/01/2008     C-14770 1128818 23/02/2023 23/02/2023 Libro impreso